| 000 | 00630nam a22002057a 4500 | ||
|---|---|---|---|
| 999 |
_c14693 _d14693 |
||
| 003 | AR-CdUCM | ||
| 008 | 190424b ||||| |||| 00| 0 spa d | ||
| 020 | _a978-958-30-3076-5 | ||
| 040 |
_aMUNICIPALIDAD PROVINCIAL DEL CUSCO _cBIBLIOTECA MUNICIPAL DEL CUSCO |
||
| 082 |
_22ed _aPI / 803 / _bA11 |
||
| 110 |
_aAlekos _933561 |
||
| 245 | _aEl sombrerón / | ||
| 260 |
_aBogotá : _bPanamericana, _c2008. |
||
| 300 |
_a44 páginas ; _bIlustraciones, _c22 cm. |
||
| 650 |
_aCuentos infantiles _93927 |
||
| 650 |
_aLiteratura infantil _9588 |
||
| 650 |
_aPrimera infancia _924660 |
||
| 942 |
_2ddc _cLIBROS |
||
| 945 |
_adavv _d24/04/2019 |
||